Tìm hiểu và xây dựng chương trình đánh phách chấm thi tốt nghiệp trung học phổ thông

Quy chế thi tốt nghiệp Trung học phổ thông...Xây dựng phần mềm đánh phách chấm thi tốt nghiệp THPT. Cài đặt và sử dụng

Na minha lista:
Detalhes bibliográficos
Autor principal: Võ, Duy Hải (Tác giả)
Outros Autores: Trần Quốc Chiến PGS.TS (Hướng dẫn)
Formato: Livro
Idioma:Vietnamese
Publicado em: Đà Nẵng Đại học Đà Nẵng 2011
Assuntos:
Tags: Adicionar Tag
Sem tags, seja o primeiro a adicionar uma tag!
Thư viện lưu trữ: Mạng thư viện Đại học Đà Nẵng
LEADER 01494nam a2200373 4500
001 000011799
003 8070
005 20120210140208.0
008 120210s2011 viesd
041 |a vie 
072 |a Khóa luận tốt nghiệp 
082 |a 005.3  |b VO-H 
100 |a Võ, Duy Hải  |e Tác giả 
245 |a Tìm hiểu và xây dựng chương trình đánh phách chấm thi tốt nghiệp trung học phổ thông  |c Võ Duy Hải 
260 |a Đà Nẵng  |b Đại học Đà Nẵng  |c 2011 
300 |a 64 tr.  |c 29 cm 
500 |a Khóa luận tốt nghiệp khoa Tin học.Ngành: Sư phạm tin. Lớp 07 SPT 
520 |a Quy chế thi tốt nghiệp Trung học phổ thông...Xây dựng phần mềm đánh phách chấm thi tốt nghiệp THPT. Cài đặt và sử dụng 
653 |a Xây dựng 
653 |a Chương trình 
653 |a Đánh phách chấm thi 
653 |a Thi tốt nghiệp 
653 |a THPT 
700 |a Trần Quốc Chiến  |c PGS.TS  |e Hướng dẫn 
OWN |a LSP 
AVA |a UDN50  |b LSP  |d 005.3 VO-H  |e available  |t Error 5001 Not defined in file expand_doc_bib_avail.  |f 1  |g 0  |h N  |i 0  |k 1 
999 |a From the UDN01 
AVA |a UDN50  |b LSP  |d 005.3 VO-H  |e available  |t Error 5001 Not defined in file expand_doc_bib_avail.  |f 1  |g 0  |h N  |i 0  |k 1 
TYP |a Monograph 
TYP |a Printed language 
980 |a Mạng thư viện Đại học Đà Nẵng